000 00645cam a2200229 4500500
005 20260405001559.0
041 _afre
042 _adc
100 1 0 _aLecourt, Dominique
_eauthor
245 0 0 _aDiderot et la liberté
260 _c2013.
500 _a59
690 _aAttali
690 _aBonheur
690 _aDiderot
690 _aDominique Lecourt
690 _aFatalisme
690 _aLiberté
690 _aRaphaël Enthoven
786 0 _nPhilosophie magazine | 73 | 10 | 2013-10-01 | p. 41-41 | 1951-1787
856 4 1 _uhttps://shs.cairn.info/magazine-philosophie-magazine-2013-10-page-41?lang=fr&redirect-ssocas=7080
999 _c2048997
_d2048997